2013 Movies Slideshow II Quiz Stats

 Plays Quiz Updated Sep 1, 2015

Challenge
Share
Tweet
Score 0/25 Timer 08:00
11 Plays Today
% Correct
The Great Gatsby
90.5%
World War Z
84.1%
Turbo
53.9%
Now You See Me
53.6%
Lee Daniels' The Butler
52.6%
Warm Bodies
49.9%
Ender's Game
49%
Oz: The Great and Powerful
48.1%
The Purge
47.6%
Pacific Rim
47.3%
This Is the End
44.6%
Don Jon
43.1%
Spring Breakers
42.9%
% Correct
Hansel and Gretel: Witch Hunters
40.5%
Mud
39.5%
Rush
35%
Olympus Has Fallen
33.1%
Carrie
32.9%
Gangster Squad
30.8%
Oblivion
29.3%
2 Guns
26.9%
The Call
25.5%
Machete Kills
22.5%
21 and Over
21.4%
Mama
19%

You're not logged in!

Compare scores with friends on all Sporcle quizzes.
OR
Log In

You Might Also Like...

Show Comments

Extras

Top Quizzes Today


Score Distribution

Your Account Isn't Verified!

In order to create a playlist on Sporcle, you need to verify the email address you used during registration. Go to your Sporcle Settings to finish the process.

Report this User

Report this user for behavior that violates our Community Guidelines.

Details: